[Event "HSG Open 2017"]
[Site "Hilversum"]
[Date "2017.06.23"]
[Round "1.11"]
[White "Overeem, Marc"]
[Black "Oupindrin, Narayanin"]
[Result "1-0"]
[BlackElo "1995"]
[WhiteElo "2212"]
[LiveChessVersion "1.4.8"]

1. c4 {[%clk 1:50:08]} e5 {[%clk 1:50:07]} 2. Nc3 {[%clk 1:50:02]} Bb4
{[%clk 1:49:07]} 3. Nd5 {[%clk 1:49:12]} Bc5 {[%clk 1:49:05]} 4. Nf3
{[%clk 1:48:32]} c6 {[%clk 1:47:02]} 5. Nc3 {[%clk 1:48:29]} d6 {[%clk 1:46:06]}
6. e3 {[%clk 1:47:50]} Bb4 {[%clk 1:45:15]} 7. Qc2 {[%clk 1:43:23]} Nf6
{[%clk 1:42:27]} 8. a3 {[%clk 1:41:06]} Bxc3 {[%clk 1:40:02]} 9. Qxc3
{[%clk 1:40:55]} e4 {[%clk 1:36:44]} 10. Nd4 {[%clk 1:38:03]} c5 {[%clk 1:32:36]}
11. Ne2 {[%clk 1:33:21]} Nc6 {[%clk 1:27:16]} 12. b3 {[%clk 1:28:03]} O-O
{[%clk 1:20:50]} 13. Bb2 {[%clk 1:27:47]} Qe7 {[%clk 1:15:35]} 14. Nf4
{[%clk 1:26:36]} Ne5 {[%clk 1:10:45]} 15. Be2 {[%clk 1:25:09]} Be6
{[%clk 1:05:45]} 16. O-O {[%clk 1:21:03]} Rad8 {[%clk 0:56:44]} 17. f3
{[%clk 1:13:25]} b6 {[%clk 0:47:15]} 18. fxe4 {[%clk 1:05:19]} Nxe4
{[%clk 0:45:12]} 19. Qc2 {[%clk 1:04:51]} Nf6 {[%clk 0:42:53]} 20. Rae1
{[%clk 1:01:16]} h6 {[%clk 0:37:06]} 21. h3 {[%clk 0:50:57]} Ned7
{[%clk 0:26:33]} 22. d4 {[%clk 0:44:20]} Bxh3 {[%clk 0:18:04]} 23. Nxh3
{[%clk 0:37:45]} Qxe3+ {[%clk 0:17:59]} 24. Kh2 {[%clk 0:32:18]} Rfe8
{[%clk 0:13:48]} 25. Bf3 {[%clk 0:28:43]} Qxe1 {[%clk 0:13:30]} 26. Rxe1
{[%clk 0:28:49]} Rxe1 {[%clk 0:13:32]} 27. Nf4 {[%clk 0:27:44]} Rde8
{[%clk 0:13:02]} 28. dxc5 {[%clk 0:24:39]} dxc5 {[%clk 0:12:37]} 29. Nd5
{[%clk 0:20:27]} Nxd5 {[%clk 0:10:45]} 30. Bxd5 {[%clk 0:20:10]} Ne5
{[%clk 0:04:18]} 31. Bxe5 {[%clk 0:15:59]} R8xe5 {[%clk 0:03:58]} 32. b4
{[%clk 0:09:52]} R1e2 {[%clk 0:03:41]} 33. Qa4 {[%clk 0:09:03]} cxb4
{[%clk 0:02:55]} 34. axb4 {[%clk 0:08:51]} Re7 {[%clk 0:02:50]} 35. Bf3
{[%clk 0:07:36]} R2e5 {[%clk 0:02:55]} 36. Qc6 {[%clk 0:07:07]} R5e6
{[%clk 0:02:41]} 37. Qa8+ {[%clk 0:06:59]} Kh7 {[%clk 0:02:48]} 38. c5
{[%clk 0:06:49]} bxc5 {[%clk 0:02:25]} 39. bxc5 {[%clk 0:06:55]} g6
{[%clk 0:02:04]} 40. c6 {[%clk 0:06:16]} Re8 {[%clk 0:01:55]} 41. Qxa7
{[%clk 0:06:05]} R6e7 {[%clk 0:02:04]} 42. Qb6 {[%clk 0:05:44]} Rc8
{[%clk 0:02:04]} 43. Qd4 {[%clk 0:04:46]} Rec7 {[%clk 0:01:58]} 44. Qf6
{[%clk 0:04:50]} Re8 {[%clk 0:01:59]} 45. Bd5 {[%clk 0:04:33]} Ree7
{[%clk 0:02:01]} 46. Kg1 {[%clk 0:04:06]} Ra7 {[%clk 0:02:04]} 47. Kf2
{[%clk 0:03:44]} Rac7 {[%clk 0:02:12]} 48. Bf3 {[%clk 0:03:11]} Ra7
{[%clk 0:02:13]} 49. Qd6 {[%clk 0:03:09]} Rac7 {[%clk 0:02:11]} 50. Bg4
{[%clk 0:02:50]} f5 {[%clk 0:02:06]} 51. Be2 {[%clk 0:02:41]} Ra7
{[%clk 0:02:08]} 52. Ba6 {[%clk 0:02:32]} Rec7 {[%clk 0:01:14]} 53. Ke3
{[%clk 0:01:58]} Re7+ {[%clk 0:01:14]} 54. Kd3 {[%clk 0:01:49]} Kg7
{[%clk 0:01:19]} 55. Kc4 {[%clk 0:01:26]} Kf7 {[%clk 0:01:22]} 56. Kb5
{[%clk 0:01:21]} Ke8 {[%clk 0:00:55]} 57. Kb6 {[%clk 0:01:11]} Rac7
{[%clk 0:00:43]} 58. Qxc7 {[%clk 0:01:07]} 1-0

[Event "HSG Open 2017"]
[Site "Hilversum"]
[Date "2017.06.23"]
[Round "2.1"]
[White "Witt, Rob"]
[Black "Pruijssers, Roeland"]
[Result "1/2-1/2"]
[BlackElo "2502"]
[WhiteElo "2152"]
[LiveChessVersion "1.4.8"]

1. d4 {[%clk 1:50:17]} f5 {[%clk 1:50:13]} 2. g3 {[%clk 1:49:48]} Nf6
{[%clk 1:50:14]} 3. Bg2 {[%clk 1:49:53]} g6 {[%clk 1:50:18]} 4. Nf3
{[%clk 1:49:36]} Bg7 {[%clk 1:50:21]} 5. O-O {[%clk 1:49:39]} O-O
{[%clk 1:50:26]} 6. c4 {[%clk 1:48:58]} d6 {[%clk 1:50:28]} 7. Nc3
{[%clk 1:48:58]} c6 {[%clk 1:50:02]} 8. Rb1 {[%clk 1:48:36]} a5 {[%clk 1:44:18]}
9. Qb3 {[%clk 1:46:31]} e6 {[%clk 1:34:56]} 10. Rd1 {[%clk 1:42:28]} Na6
{[%clk 1:27:36]} 11. a3 {[%clk 1:39:43]} Qe7 {[%clk 1:22:25]} 12. Na4
{[%clk 1:35:02]} Nd7 {[%clk 1:18:08]} 13. Nb6 {[%clk 1:30:05]} Nxb6
{[%clk 1:16:46]} 14. Qxb6 {[%clk 1:30:03]} Nc7 {[%clk 1:10:33]} 15. Bg5
{[%clk 1:16:41]} Qd7 {[%clk 1:05:52]} 16. Qb3 {[%clk 1:09:35]} h6
{[%clk 1:05:18]} 17. Bd2 {[%clk 1:09:10]} Qe7 {[%clk 1:00:02]} 18. Bc3
{[%clk 1:03:54]} a4 {[%clk 0:56:34]} 19. Qc2 {[%clk 1:02:28]} e5 {[%clk 0:54:52]}
20. dxe5 {[%clk 1:01:09]} dxe5 {[%clk 0:54:55]} 21. e3 {[%clk 0:57:53]} g5
{[%clk 0:52:49]} 22. Qd2 {[%clk 0:49:48]} e4 {[%clk 0:34:03]} 23. Bxg7
{[%clk 0:48:50]} Qxg7 {[%clk 0:32:08]} 24. Nd4 {[%clk 0:46:44]} c5
{[%clk 0:23:28]} 25. Nb5 {[%clk 0:42:36]} Ra6 {[%clk 0:23:33]} 26. Qc2
{[%clk 0:36:36]} h5 {[%clk 0:18:26]} 27. Rd6 {[%clk 0:31:11]} Nxb5
{[%clk 0:09:36]} 28. Rxa6 {[%clk 0:31:08]} Nxa3 {[%clk 0:09:38]} 29. bxa3
{[%clk 0:30:47]} bxa6 {[%clk 0:09:46]} 30. Qxa4 {[%clk 0:28:21]} Qc7
{[%clk 0:09:41]} 31. Qd1 {[%clk 0:27:02]} g4 {[%clk 0:08:08]} 32. Qd5+
{[%clk 0:24:07]} Kg7 {[%clk 0:07:39]} 33. Rd1 {[%clk 0:23:33]} Rf7
{[%clk 0:07:30]} 34. Qd8 {[%clk 0:23:19]} Qxd8 {[%clk 0:06:14]} 35. Rxd8
{[%clk 0:23:20]} Be6 {[%clk 0:02:34]} 36. h4 {[%clk 0:20:08]} Rb7
{[%clk 0:01:42]} 37. Bf1 {[%clk 0:17:56]} Rb6 {[%clk 0:01:46]} 38. Kg2
{[%clk 0:16:30]} Kf6 {[%clk 0:01:36]} 39. Ra8 {[%clk 0:15:37]} Ke7
{[%clk 0:01:29]} 40. a4 {[%clk 0:15:06]} Bd7 {[%clk 0:00:39]} 41. a5
{[%clk 0:14:45]} Rd6 {[%clk 0:00:39]} 42. Be2 {[%clk 0:13:39]} 1/2-1/2

[Event "HSG Open 2017"]
[Site "Hilversum"]
[Date "2017.06.23"]
[Round "2.2"]
[White "Ducarmon, Quinten"]
[Black "Markus, John Raymond"]
[Result "1-0"]
[BlackElo "2112"]
[WhiteElo "2470"]
[LiveChessVersion "1.4.8"]

1. e4 {[%clk 1:50:18]} e5 {[%clk 1:50:14]} 2. Nf3 {[%clk 1:50:24]} Nc6
{[%clk 1:50:17]} 3. d4 {[%clk 1:50:16]} exd4 {[%clk 1:50:13]} 4. Nxd4
{[%clk 1:50:20]} Nf6 {[%clk 1:50:17]} 5. Nc3 {[%clk 1:49:27]} Bb4
{[%clk 1:49:38]} 6. Nxc6 {[%clk 1:49:12]} bxc6 {[%clk 1:49:25]} 7. Bd3
{[%clk 1:49:10]} d5 {[%clk 1:47:34]} 8. exd5 {[%clk 1:49:01]} cxd5
{[%clk 1:47:24]} 9. O-O {[%clk 1:49:03]} O-O {[%clk 1:47:00]} 10. h3
{[%clk 1:49:05]} c6 {[%clk 1:44:46]} 11. Qf3 {[%clk 1:48:53]} Be6
{[%clk 1:41:56]} 12. Ne2 {[%clk 1:43:25]} Be7 {[%clk 1:37:48]} 13. Nd4
{[%clk 1:33:56]} Qd7 {[%clk 1:34:56]} 14. b3 {[%clk 1:24:03]} a6 {[%clk 1:31:12]}
15. Bb2 {[%clk 1:22:10]} c5 {[%clk 1:27:12]} 16. Nf5 {[%clk 1:06:05]} Bxf5
{[%clk 1:05:51]} 17. Bxf5 {[%clk 1:05:56]} Qd6 {[%clk 1:02:43]} 18. Rad1
{[%clk 0:55:58]} Rad8 {[%clk 1:00:48]} 19. Rfe1 {[%clk 0:54:25]} g6
{[%clk 0:51:40]} 20. Bd3 {[%clk 0:50:53]} Nd7 {[%clk 0:47:48]} 21. Bf1
{[%clk 0:45:34]} d4 {[%clk 0:47:11]} 22. c3 {[%clk 0:41:11]} Bf6 {[%clk 0:46:27]}
23. Qe2 {[%clk 0:34:21]} a5 {[%clk 0:43:46]} 24. cxd4 {[%clk 0:28:23]} Bxd4
{[%clk 0:41:45]} 25. Bxd4 {[%clk 0:25:04]} cxd4 {[%clk 0:41:42]} 26. Qd2
{[%clk 0:23:38]} Qb6 {[%clk 0:24:32]} 27. Qxd4 {[%clk 0:23:41]} Nc5
{[%clk 0:24:36]} 28. Qe3 {[%clk 0:22:26]} Qb4 {[%clk 0:20:03]} 29. Rxd8
{[%clk 0:18:37]} Rxd8 {[%clk 0:20:08]} 30. Bc4 {[%clk 0:18:39]} Rf8
{[%clk 0:19:21]} 31. Rc1 {[%clk 0:17:39]} a4 {[%clk 0:18:48]} 32. Qxc5
{[%clk 0:13:55]} Qxc5 {[%clk 0:18:18]} 33. Bxf7+ {[%clk 0:13:58]} Rxf7
{[%clk 0:17:24]} 34. Rxc5 {[%clk 0:14:04]} axb3 {[%clk 0:16:53]} 35. axb3
{[%clk 0:14:12]} Rb7 {[%clk 0:14:23]} 36. Rc3 {[%clk 0:14:21]} Kf7
{[%clk 0:14:05]} 37. Re3 {[%clk 0:14:27]} 1-0

[Event "HSG Open 2017"]
[Site "Hilversum"]
[Date "2017.06.23"]
[Round "2.3"]
[White "Ratsma, Rosa"]
[Black "Ten Hertog, Hugo"]
[Result "1/2-1/2"]
[BlackElo "2457"]
[WhiteElo "2137"]
[LiveChessVersion "1.4.8"]

1. e4 {[%clk 1:49:25]} g6 {[%clk 1:50:03]} 2. d4 {[%clk 1:49:21]} Bg7
{[%clk 1:50:08]} 3. Nc3 {[%clk 1:49:06]} a6 {[%clk 1:50:07]} 4. Be3
{[%clk 1:48:31]} b5 {[%clk 1:50:10]} 5. Qd2 {[%clk 1:47:57]} Bb7 {[%clk 1:50:08]}
6. f3 {[%clk 1:47:28]} d5 {[%clk 1:47:01]} 7. e5 {[%clk 1:41:12]} c5
{[%clk 1:46:13]} 8. f4 {[%clk 1:36:21]} cxd4 {[%clk 1:45:13]} 9. Bxd4
{[%clk 1:35:55]} Nc6 {[%clk 1:44:52]} 10. Nf3 {[%clk 1:33:22]} Rc8
{[%clk 1:43:04]} 11. h4 {[%clk 1:21:48]} Nxd4 {[%clk 1:40:59]} 12. Nxd4
{[%clk 1:15:56]} h5 {[%clk 1:40:52]} 13. Bd3 {[%clk 1:11:40]} Nh6
{[%clk 1:33:25]} 14. O-O-O {[%clk 1:05:26]} Qb6 {[%clk 1:30:11]} 15. Nce2
{[%clk 0:57:55]} e6 {[%clk 1:29:45]} 16. Kb1 {[%clk 0:52:09]} Ng4
{[%clk 1:27:37]} 17. Ng1 {[%clk 0:44:17]} O-O {[%clk 1:21:28]} 18. Ngf3
{[%clk 0:42:38]} b4 {[%clk 1:21:26]} 19. Bf1 {[%clk 0:26:31]} a5 {[%clk 1:16:26]}
20. Nh2 {[%clk 0:24:59]} Nh6 {[%clk 1:07:44]} 21. g4 {[%clk 0:23:37]} hxg4
{[%clk 1:07:43]} 22. Rg1 {[%clk 0:18:02]} f5 {[%clk 0:50:07]} 23. exf6
{[%clk 0:17:51]} Bxf6 {[%clk 0:50:02]} 24. Nxg4 {[%clk 0:17:05]} Nxg4
{[%clk 0:49:31]} 25. Rxg4 {[%clk 0:16:22]} Qxd4 {[%clk 0:48:31]} 26. Qxd4
{[%clk 0:15:51]} Bxd4 {[%clk 0:48:37]} 27. Rxd4 {[%clk 0:15:54]} Rf6
{[%clk 0:44:43]} 28. Rd1 {[%clk 0:13:59]} Rcf8 {[%clk 0:25:21]} 29. Bd3
{[%clk 0:13:46]} Rxf4 {[%clk 0:23:28]} 30. Rxg6+ {[%clk 0:13:50]} Kf7
{[%clk 0:23:33]} 31. Rdg1 {[%clk 0:10:12]} Ke7 {[%clk 0:23:37]} 32. h5
{[%clk 0:08:49]} d4 {[%clk 0:06:35]} 33. Rg7+ {[%clk 0:08:06]} R8f7
{[%clk 0:06:06]} 34. h6 {[%clk 0:05:59]} Be4 {[%clk 0:04:24]} 35. h7
{[%clk 0:04:06]} Bxh7 {[%clk 0:04:23]} 36. Rxh7 {[%clk 0:03:55]} Rxh7
{[%clk 0:04:30]} 37. Bxh7 {[%clk 0:04:03]} e5 {[%clk 0:04:30]} 38. Kc1
{[%clk 0:03:30]} Rh4 {[%clk 0:02:01]} 39. Bd3 {[%clk 0:03:00]} a4
{[%clk 0:01:26]} 40. Re1 {[%clk 0:02:18]} Kd6 {[%clk 0:01:28]} 41. Be4
{[%clk 0:01:51]} Kc5 {[%clk 0:01:22]} 42. Kd2 {[%clk 0:01:41]} Rh6
{[%clk 0:00:48]} 43. Bd3 {[%clk 0:01:04]} Kd5 {[%clk 0:00:28]} 44. a3
{[%clk 0:00:34]} bxa3 {[%clk 0:00:20]} 45. bxa3 {[%clk 0:00:42]} Rh3
{[%clk 0:00:15]} 46. Re2 {[%clk 0:00:31]} Rg3 {[%clk 0:00:14]} 47. Re1
{[%clk 0:00:23]} Rh3 {[%clk 0:00:17]} 48. Re2 {[%clk 0:00:19]} Rg3
{[%clk 0:00:25]} 49. Re1 {[%clk 0:00:18]} Rh3 {[%clk 0:00:32]} 50. Be4+
{[%clk 0:00:15]} Kc5 {[%clk 0:00:32]} 51. Bd3 {[%clk 0:00:16]} Kd5
{[%clk 0:00:36]} 52. Re2 {[%clk 0:00:18]} Rg3 {[%clk 0:00:39]} 53. Kc1
{[%clk 0:00:22]} Rg4 {[%clk 0:00:29]} 54. Bb5 {[%clk 0:00:28]} e4
{[%clk 0:00:28]} 55. Bxa4 {[%clk 0:00:28]} d3 {[%clk 0:00:36]} 56. Rd2
{[%clk 0:00:21]} Kd4 {[%clk 0:00:18]} 57. cxd3 {[%clk 0:00:17]} e3
{[%clk 0:00:16]} 58. Re2 {[%clk 0:00:17]} Kc3 {[%clk 0:00:14]} 59. Rxe3
{[%clk 0:00:12]} Rxa4 {[%clk 0:00:22]} 60. Kd1 {[%clk 0:00:18]} Ra7
{[%clk 0:00:13]} 61. Ke2 {[%clk 0:00:23]} Ra8 {[%clk 0:00:13]} 62. Kf3
{[%clk 0:00:26]} Rf8+ {[%clk 0:00:22]} 63. Kg4 {[%clk 0:00:32]} Ra8
{[%clk 0:00:24]} 64. Kf5 {[%clk 0:00:17]} Kd4 {[%clk 0:00:25]} 65. Rh3
{[%clk 0:00:17]} Rxa3 {[%clk 0:00:32]} 66. Rh4+ {[%clk 0:00:24]} 1/2-1/2

[Event "HSG Open 2017"]
[Site "Hilversum"]
[Date "2017.06.23"]
[Round "2.4"]
[White "Beerdsen, Thomas"]
[Black "De Boer, Bas"]
[Result "1-0"]
[BlackElo "2081"]
[WhiteElo "2455"]
[LiveChessVersion "1.4.8"]

1. e4 {[%clk 1:50:02]} c5 {[%clk 1:50:14]} 2. Nf3 {[%clk 1:50:07]} d6
{[%clk 1:50:16]} 3. d4 {[%clk 1:49:55]} cxd4 {[%clk 1:50:20]} 4. Nxd4
{[%clk 1:50:01]} Nf6 {[%clk 1:50:23]} 5. Nc3 {[%clk 1:50:08]} a6 {[%clk 1:50:28]}
6. Be3 {[%clk 1:49:40]} e5 {[%clk 1:49:56]} 7. Nb3 {[%clk 1:49:46]} Be6
{[%clk 1:49:50]} 8. f3 {[%clk 1:49:28]} Be7 {[%clk 1:49:00]} 9. Qd2
{[%clk 1:49:01]} Nbd7 {[%clk 1:47:44]} 10. g4 {[%clk 1:48:25]} O-O
{[%clk 1:43:38]} 11. O-O-O {[%clk 1:46:56]} b5 {[%clk 1:42:41]} 12. g5
{[%clk 1:46:54]} Nh5 {[%clk 1:42:09]} 13. Kb1 {[%clk 1:30:39]} Nb6
{[%clk 1:38:16]} 14. Qf2 {[%clk 1:23:30]} Rb8 {[%clk 1:35:51]} 15. Nc5
{[%clk 1:20:42]} b4 {[%clk 1:28:45]} 16. Nxe6 {[%clk 1:17:32]} fxe6
{[%clk 1:25:27]} 17. Ne2 {[%clk 1:17:35]} d5 {[%clk 1:19:41]} 18. Bh3
{[%clk 1:12:52]} Qd6 {[%clk 1:14:09]} 19. Bg4 {[%clk 1:08:04]} Nf4
{[%clk 1:04:40]} 20. Nxf4 {[%clk 1:07:25]} exf4 {[%clk 1:03:07]} 21. Bxb6
{[%clk 1:07:30]} Rxb6 {[%clk 1:03:03]} 22. exd5 {[%clk 1:07:34]} e5
{[%clk 1:02:13]} 23. Be6+ {[%clk 1:06:53]} Kh8 {[%clk 1:02:16]} 24. h4 a5 25.
Rhe1 {[%clk 1:06:05]} Qc7 {[%clk 0:57:43]} 26. Rxe5 {[%clk 1:04:47]} Bc5
{[%clk 0:56:27]} 27. Qe2 {[%clk 1:04:51]} Be3 {[%clk 0:56:24]} 28. Rf5
{[%clk 1:04:41]} Rfb8 {[%clk 0:55:54]} 29. Rf7 {[%clk 1:04:02]} Qe5
{[%clk 0:55:48]} 30. Qc4 {[%clk 1:01:51]} Rd8 {[%clk 0:53:29]} 31. Rd7
{[%clk 1:00:53]} 1-0

[Event "HSG Open 2017"]
[Site "Hilversum"]
[Date "2017.06.23"]
[Round "2.5"]
[White "Becx, Cesar"]
[Black "Brink, Barry"]
[Result "0-1"]
[BlackElo "2370"]
[WhiteElo "2078"]
[LiveChessVersion "1.4.8"]

1. f4 {[%clk 1:50:18]} Nh6 {[%clk 1:48:49]} 2. Nf3 {[%clk 1:50:25]} d5
{[%clk 1:47:50]} 3. g3 {[%clk 1:50:25]} g6 {[%clk 1:46:38]} 4. Bg2
{[%clk 1:50:20]} Bg7 {[%clk 1:46:41]} 5. O-O {[%clk 1:49:25]} c6 {[%clk 1:45:28]}
6. Nc3 {[%clk 1:48:40]} Qb6+ {[%clk 1:41:59]} 7. Kh1 {[%clk 1:48:06]} Na6
{[%clk 1:38:01]} 8. d3 {[%clk 1:47:43]} Ng4 {[%clk 1:34:00]} 9. Qd2
{[%clk 1:36:04]} d4 {[%clk 1:03:24]} 10. Nd1 {[%clk 1:36:03]} O-O
{[%clk 1:02:06]} 11. h3 {[%clk 1:32:30]} Nh6 {[%clk 1:00:51]} 12. e4
{[%clk 1:27:59]} dxe3 {[%clk 1:00:46]} 13. Nxe3 {[%clk 1:28:04]} Nf5
{[%clk 1:00:27]} 14. Nxf5 {[%clk 1:26:25]} Bxf5 {[%clk 1:00:30]} 15. Nh4
{[%clk 1:22:57]} Be6 {[%clk 1:00:08]} 16. Qe2 {[%clk 1:17:32]} Qc7
{[%clk 0:47:29]} 17. f5 {[%clk 1:06:05]} Bd5 {[%clk 0:46:43]} 18. Bf4
{[%clk 1:04:15]} Qd7 {[%clk 0:46:00]} 19. Be5 {[%clk 0:53:45]} Bxg2+
{[%clk 0:44:46]} 20. Nxg2 {[%clk 0:53:15]} f6 {[%clk 0:39:16]} 21. Bc3
{[%clk 0:51:56]} gxf5 {[%clk 0:38:53]} 22. Rae1 {[%clk 0:43:10]} Rae8
{[%clk 0:38:00]} 23. Rf4 {[%clk 0:41:47]} e6 {[%clk 0:29:22]} 24. Rh4
{[%clk 0:38:25]} Qf7 {[%clk 0:25:55]} 25. g4 {[%clk 0:36:03]} fxg4
{[%clk 0:25:13]} 26. Rxg4 {[%clk 0:35:52]} Kh8 {[%clk 0:23:13]} 27. Rf1
{[%clk 0:29:53]} Nc7 {[%clk 0:22:04]} 28. Be5 {[%clk 0:24:06]} Nd5
{[%clk 0:18:49]} 29. Bd6 {[%clk 0:13:39]} Rg8 {[%clk 0:15:40]} 30. c4
{[%clk 0:12:25]} Ne7 {[%clk 0:14:37]} 31. Bxe7 {[%clk 0:09:58]} Rxe7
{[%clk 0:12:14]} 32. Nh4 {[%clk 0:06:40]} Bh6 {[%clk 0:09:37]} 33. Rxg8+
{[%clk 0:04:55]} Kxg8 {[%clk 0:09:36]} 34. Rg1+ {[%clk 0:04:25]} Kh8
{[%clk 0:09:38]} 35. Qg4 {[%clk 0:02:19]} Re8 {[%clk 0:09:28]} 36. Qd4
{[%clk 0:01:53]} a6 {[%clk 0:07:57]} 37. Rf1 {[%clk 0:01:56]} Bg7
{[%clk 0:07:45]} 38. Nf3 {[%clk 0:01:18]} Qe7 {[%clk 0:04:06]} 39. Qh4
{[%clk 0:01:12]} Qc5 {[%clk 0:01:49]} 40. Rg1 {[%clk 0:00:50]} Rg8
{[%clk 0:01:17]} 41. b3 {[%clk 0:00:30]} Qf5 {[%clk 0:01:12]} 42. Qg3
{[%clk 0:00:35]} Qxd3 {[%clk 0:00:55]} 43. Ng5 {[%clk 0:00:30]} Qd7
{[%clk 0:00:20]} 44. Qd6 {[%clk 0:00:33]} Qe8 {[%clk 0:00:15]} 45. Nxe6
{[%clk 0:00:36]} Bh6 {[%clk 0:00:15]} 46. Rxg8+ {[%clk 0:00:27]} Kxg8
{[%clk 0:00:22]} 47. c5 {[%clk 0:00:16]} Kf7 {[%clk 0:00:20]} 48. Nd8+
{[%clk 0:00:19]} Kg6 {[%clk 0:00:21]} 49. Ne6 {[%clk 0:00:18]} Bg5
{[%clk 0:00:15]} 50. Qd3+ {[%clk 0:00:18]} Kh6 {[%clk 0:00:17]} 51. Qf5
{[%clk 0:00:13]} Qh5 {[%clk 0:00:16]} 52. Kg2 {[%clk 0:00:14]} Qe2+
{[%clk 0:00:25]} 53. Kh1 {[%clk 0:00:21]} Qxa2 {[%clk 0:00:18]} 54. Nf8
{[%clk 0:00:14]} Qa1+ {[%clk 0:00:27]} 55. Kg2 {[%clk 0:00:18]} Qb2+
{[%clk 0:00:35]} 56. Kh1 {[%clk 0:00:20]} Qc1+ {[%clk 0:00:42]} 57. Kg2
{[%clk 0:00:27]} Qd2+ {[%clk 0:00:50]} 58. Kh1 {[%clk 0:00:33]} Qd5+
{[%clk 0:00:48]} 59. Qxd5 {[%clk 0:00:34]} cxd5 {[%clk 0:00:57]} 60. Kg2
{[%clk 0:00:34]} Be3 {[%clk 0:00:51]} 61. Ne6 {[%clk 0:00:33]} Kg6
{[%clk 0:00:19]} 62. Kf3 {[%clk 0:00:34]} Bg1 {[%clk 0:00:14]} 63. Kg2
{[%clk 0:00:43]} Be3 {[%clk 0:00:16]} 64. Kf3 {[%clk 0:00:52]} Bd2
{[%clk 0:00:16]} 65. Nd8 {[%clk 0:00:54]} Kf5 {[%clk 0:00:16]} 66. Nxb7
{[%clk 0:01:03]} Ke6 {[%clk 0:00:14]} 67. c6 {[%clk 0:00:53]} Bb4
{[%clk 0:00:13]} 68. Ke3 {[%clk 0:00:57]} f5 {[%clk 0:00:22]} 69. Kd4
{[%clk 0:00:36]} f4 {[%clk 0:00:15]} 70. Nc5+ {[%clk 0:00:45]} Kd6
{[%clk 0:00:19]} 71. Nd3 {[%clk 0:00:53]} Bd2 {[%clk 0:00:22]} 72. Ne5
{[%clk 0:00:55]} Be3+ {[%clk 0:00:19]} 73. Kd3 {[%clk 0:01:02]} Bb6
{[%clk 0:00:23]} 74. Nf7+ {[%clk 0:01:06]} Kxc6 {[%clk 0:00:25]} 75. Ng5
{[%clk 0:01:10]} h5 {[%clk 0:00:30]} 76. Ne6 {[%clk 0:01:10]} f3 {[%clk 0:00:35]}
77. Nf4 {[%clk 0:01:07]} Kb5 {[%clk 0:00:32]} 78. Nxh5 {[%clk 0:01:12]} Kb4
{[%clk 0:00:25]} 79. Kc2 {[%clk 0:01:19]} f2 {[%clk 0:00:29]} 80. Ng3
{[%clk 0:01:27]} Bc7 {[%clk 0:00:21]} 81. Nf1 {[%clk 0:01:21]} Bf4
{[%clk 0:00:30]} 82. h4 {[%clk 0:01:17]} d4 {[%clk 0:00:23]} 83. h5
{[%clk 0:01:24]} a5 {[%clk 0:00:32]} 84. Kd3 {[%clk 0:01:32]} Kxb3
{[%clk 0:00:40]} 85. Kxd4 {[%clk 0:01:40]} a4 {[%clk 0:00:49]} 86. Ke4
{[%clk 0:01:50]} Bc1 {[%clk 0:00:52]} 0-1

[Event "HSG Open 2017"]
[Site "Hilversum"]
[Date "2017.06.23"]
[Round "2.6"]
[White "Hilwerda, Jonas"]
[Black "Nagtegaal, Kees"]
[Result "1/2-1/2"]
[BlackElo "2286"]
[WhiteElo "2068"]
[LiveChessVersion "1.4.8"]

1. f4 {[%clk 1:50:14]} g6 {[%clk 1:49:47]} 2. Nf3 {[%clk 1:50:17]} Bg7
{[%clk 1:49:27]} 3. g3 {[%clk 1:50:20]} Nf6 {[%clk 1:49:09]} 4. Bg2
{[%clk 1:50:25]} O-O {[%clk 1:49:04]} 5. O-O {[%clk 1:50:26]} d5 {[%clk 1:47:43]}
6. d3 {[%clk 1:50:29]} c6 {[%clk 1:46:18]} 7. c3 {[%clk 1:47:10]} Nbd7
{[%clk 1:43:41]} 8. Qe1 {[%clk 1:45:26]} Qb6+ {[%clk 1:39:21]} 9. Kh1
{[%clk 1:42:57]} a5 {[%clk 1:38:38]} 10. Na3 {[%clk 1:40:06]} Qc7
{[%clk 1:34:35]} 11. e4 {[%clk 1:38:50]} dxe4 {[%clk 1:29:48]} 12. dxe4
{[%clk 1:38:56]} Nc5 {[%clk 1:28:26]} 13. Ne5 {[%clk 1:33:46]} Nfd7
{[%clk 1:17:00]} 14. Nxd7 {[%clk 1:32:45]} Nxd7 {[%clk 1:15:07]} 15. Be3
{[%clk 1:31:10]} b6 {[%clk 1:09:01]} 16. Qf2 {[%clk 1:28:01]} Rb8
{[%clk 1:05:01]} 17. Rfd1 {[%clk 1:22:35]} Nf6 {[%clk 0:55:18]} 18. h3
{[%clk 1:21:02]} Ba6 {[%clk 0:52:57]} 19. Rd2 {[%clk 1:19:34]} Rfd8
{[%clk 0:51:14]} 20. Rxd8+ {[%clk 1:11:59]} Qxd8 {[%clk 0:51:19]} 21. e5
{[%clk 1:11:54]} Nd5 {[%clk 0:50:33]} 22. Rd1 {[%clk 1:11:45]} Qc7
{[%clk 0:50:23]} 23. Bxd5 {[%clk 1:10:07]} cxd5 {[%clk 0:50:22]} 24. Nc2
{[%clk 1:08:55]} e6 {[%clk 0:47:19]} 25. Nd4 {[%clk 1:04:41]} Bf8
{[%clk 0:44:51]} 26. g4 {[%clk 1:00:48]} a4 {[%clk 0:37:10]} 27. a3
{[%clk 0:58:40]} Bc5 {[%clk 0:35:53]} 28. Qg3 {[%clk 0:49:26]} Re8
{[%clk 0:32:31]} 29. g5 {[%clk 0:47:27]} Bc4 {[%clk 0:29:03]} 30. Rd2
{[%clk 0:44:34]} Qb7 {[%clk 0:28:48]} 31. Qf2 {[%clk 0:40:36]} Qa6
{[%clk 0:27:36]} 32. Kh2 {[%clk 0:37:03]} Bd3 33. Qe2 Qc4 34. Qf2 Be4 35. Qe2 Qa2
36. Qd1 1/2-1/2

[Event "HSG Open 2017"]
[Site "Hilversum"]
[Date "2017.06.23"]
[Round "2.7"]
[White "Van Engen, Herman"]
[Black "Van Meegen, Ruud"]
[Result "0-1"]
[BlackElo "2241"]
[WhiteElo "2060"]
[LiveChessVersion "1.4.8"]

1. d4 {[%clk 1:49:42]} Nf6 {[%clk 1:50:10]} 2. c4 {[%clk 1:49:34]} c5
{[%clk 1:50:08]} 3. d5 {[%clk 1:49:39]} b5 {[%clk 1:50:08]} 4. cxb5
{[%clk 1:49:42]} a6 {[%clk 1:50:14]} 5. bxa6 {[%clk 1:49:48]} g6 {[%clk 1:50:14]}
6. Nc3 {[%clk 1:49:49]} Bxa6 {[%clk 1:50:15]} 7. g3 {[%clk 1:49:40]} d6
{[%clk 1:50:04]} 8. Bg2 {[%clk 1:49:44]} Bg7 {[%clk 1:50:01]} 9. Nf3
{[%clk 1:49:48]} O-O {[%clk 1:49:57]} 10. O-O {[%clk 1:49:48]} Nbd7
{[%clk 1:49:30]} 11. Rb1 {[%clk 1:49:43]} Qa5 {[%clk 1:49:04]} 12. Bd2
{[%clk 1:49:39]} Rfb8 {[%clk 1:47:27]} 13. b3 {[%clk 1:48:57]} Ne8
{[%clk 1:40:34]} 14. Qc2 {[%clk 1:48:35]} Qa3 {[%clk 1:38:39]} 15. Rfd1
{[%clk 1:33:25]} Nc7 {[%clk 1:37:29]} 16. Bc1 {[%clk 1:27:15]} Qa5
{[%clk 1:37:01]} 17. Bd2 {[%clk 1:27:18]} Nb5 {[%clk 1:30:24]} 18. Nxb5
{[%clk 1:26:02]} Qxb5 {[%clk 1:30:24]} 19. Bf1 {[%clk 1:25:51]} Qb7
{[%clk 1:23:59]} 20. Bc3 {[%clk 1:17:22]} Bxc3 {[%clk 1:22:51]} 21. Qxc3
{[%clk 1:17:30]} Nf6 {[%clk 1:22:40]} 22. Qd2 {[%clk 1:17:12]} Qb4
{[%clk 1:21:36]} 23. Qh6 {[%clk 1:04:26]} Bb7 {[%clk 1:12:55]} 24. Ng5
{[%clk 1:03:56]} Rxa2 {[%clk 1:10:55]} 25. e4 {[%clk 1:03:57]} Qb6
{[%clk 1:10:15]} 26. Rd3 {[%clk 1:03:46]} Rxf2 {[%clk 1:06:46]} 27. h3
{[%clk 0:45:21]} c4 {[%clk 1:04:17]} 28. bxc4 {[%clk 0:45:08]} Rxf1+
{[%clk 1:03:30]} 0-1